|
|
|
|
| LEADER |
00767cam a2200253 7i4500 |
| 001 |
0000035568 |
| 005 |
20210105090000.0 |
| 008 |
110413 eng |
| 020 |
|
|
|a 9781405148450 (pbk.)
|
| 020 |
|
|
|a 1405148454
|
| 090 |
0 |
0 |
|a RJ48
|b .M53 2007
|
| 100 |
1 |
|
|a Miall, Lawrence
|
| 245 |
1 |
0 |
|a Paediatrics at a glance
|c Lawrence Miall, Mary Rudolf, Malcolm Levene.
|
| 250 |
|
|
|a 2nd ed.
|
| 260 |
|
|
|a Malden, MA:
|b Blackwell Pub.,
|c 2007.
|
| 300 |
|
|
|a 151 p.:
|b col. ill.;
|c 28 cm.
|
| 490 |
0 |
|
|a At a glance series
|
| 500 |
|
|
|a Includes index
|
| 650 |
0 |
0 |
|a Pediatrics
|
| 650 |
0 |
0 |
|a Pediatrics
|
| 700 |
1 |
|
|a Levene, Malcolm
|
| 700 |
1 |
|
|a Rudolf, Mary
|
| 997 |
|
|
|a Health Sciences, Faculty
|
| 999 |
|
|
|a 0000043766
|b BOK
|c OPEN SHELF
|e 1st Floor, Shah Alam
|